000 00512nam a22001817a 4500
999 _c6166
_d6166
003 AR-CdUCM
008 190313b ||||| |||| 00| 0 spa d
040 _aMUNICIPALIDAD PROVINCIAL DEL CUSCO
_cBIBLIOTECA MUNICIPAL DEL CUSCO
082 _a801.953 /
_bD71
100 _aDiego, Gerardo
_917101
245 _aAntología /
260 _aLima :
_bEdición Popular de los Andes,
_c1970.
300 _a84 páginas ;
_c16 cm.
505 _aPoesía.
650 _aPoesía.
_9139
942 _2ddc
_cLIBROS
945 _awfj